00630nam a2200181Ia 4500008004100000020001400041040001900055041001200074082002700086100002400113245008000137260004700217300002500264504005000289650004700339651004200386850002000428131103s9999 xx 000 0 und d a226306542 aLoreto College aEnglish a820.9/GREbLCLIB/41066 aGreenblatt, Stephen aRenaissance self-fashioningb from More to Shakespeare cStephen Greenblatt aChicagobUniversity of Chicago Pressc1984 a[9],319 p. c 23 cm. aIncludes bibliographical references and index aEnglish Literature - History and Criticism aEarly Modern, 1500-1700 - Renaissance aLCLIB/820.9/GRE